Science Quiz

Random Science or Clickable Quiz
Score 0/25 Timer 06:00
0 Plays Today
% Correct
Heart chambers
82.8%
Uterus
79.8%
Leg bones
79.2%
Pelvic bones
77.2%
Forearm bones
75.8%
Hormones of the (anterior) pituitary gland
74.7%
Eyeball layers
72.9%
Abdominal wall muscles ('Abs')
72.1%
Small intestine
69.1%
Brainstem
69%
Lobes of the brain (cerebrum)
68.5%
Elbow flexors (Muscles that bend the elbow; think Mr. Olympia or Popeye)
66.2%
Ossicles (bones) of the middle ear
64.6%
% Correct
Cranial nerves
56.4%
Skull
48.9%
Muscles of mastication (chewing)
48.6%
Quadriceps (The 'quads')
45.2%
Abdominal aorta branches
43.3%
Carpal bones (bones of the wrist)
40.6%
Rotator cuff
37%
Sinuses (paranasal sinuses)
35.5%
Brachial plexus
34.4%
Hamstrings
28.7%
Carpal tunnel
27.9%
Extra-ocular muscles (muscles of the eyeball)
22.1%
Remove Ads.
Support Sporcle.
Get the best of Sporcle when you Go Orange. This ad-free experience offers more features, more stats, and more fun while also helping to support Sporcle. Thank you for becoming a member.

You're not logged in!

Compare scores with friends on all Sporcle quizzes.
OR
Log In

Show Comments

Extras

Top Quizzes Today


Score Distribution

Your Account Isn't Verified!

In order to create a playlist on Sporcle, you need to verify the email address you used during registration. Go to your Sporcle Settings to finish the process.

Report this User

Report this user for behavior that violates our Community Guidelines.

Details: